| 000 | 01359nam a2200397Ic 4500 | ||
|---|---|---|---|
| 001 | 58491 | ||
| 003 | CO-BoRNBP | ||
| 005 | 20250825124300.0 | ||
| 007 | ta | ||
| 008 | 141031s2012 ve a0 sga d0p s spa | ||
| 020 | _a9789802571147 | ||
| 040 |
_aCO-BoRNBP _bspa _erda _cCO-BoRNBP |
||
| 041 | _aspa | ||
| 084 | _aP | ||
| 245 | 0 | 0 |
_aChumba la cachumba / _cedición de Elena Iribarren ; ilustrado por Carlos Cotte. |
| 250 | _aDecimoquinta edición | ||
| 264 | 1 |
_aCaracas, Venezuela : _bEkaré, _c2012 |
|
| 300 |
_a[31] páginas sin enumerar : _bilustraciones a color |
||
| 336 |
_atexto _btxt _2rdacontent |
||
| 337 |
_asin mediación _bn _2rdamedia |
||
| 338 |
_avolumen _bnc _2rdacarrier |
||
| 490 | 0 |
_aClave de sol _aCanciones tradicionales para cantar y contar |
|
| 650 | 0 | 7 |
_aJuegos Con Musica _vPoesía infantil _2LEMB _963338 |
| 650 | 0 | 7 |
_aLiteratura infantil _2lemb _92746 |
| 650 | 0 | 7 |
_aMúsica _vPoesía infantil _2lemb _963339 |
| 650 | 0 | 7 |
_aPoesía infantil _2lemb _91029 |
| 650 | 0 | 7 |
_aRima _vPoesía infantil _2LEMB _963340 |
| 650 | 0 | 7 |
_aJuegos y rondas _vPoesía infantil _2LEMB _963341 |
| 655 |
_aPoesía infantil _963342 |
||
| 655 |
_aPoesía infantil _963342 |
||
| 655 |
_aPoesía infantil _963342 |
||
| 655 |
_aPoesía infantil _963342 |
||
| 700 |
_aCotte, Carlos _eill _935604 |
||
| 700 |
_aIribarren, Elena _eedt _937548 |
||
| 942 |
_2loc _cBKINF |
||
| 999 |
_c58491 _d58491 |
||